| 000 | 00773nam a2200253 i 4500 | ||
|---|---|---|---|
| 001 | bg | ||
| 245 | 0 |
_aSłownik komputerowy / _cMicrosoft Press ; [tł. z ang. Agnieszka Kawka, Łukasz Sobkowiak]. |
|
| 246 |
_iTyt. oryg.: _aMicrosoft Press computer user's dictionary |
||
| 260 |
_aWarszawa : _bPLJ, _c2000. |
||
| 300 |
_a488 s. ; _c21 cm. |
||
| 500 | _aOryg.: "Microsoft Press computer user's dictionary". | ||
| 650 | 9 |
_aInformatyka _xterminologia |
|
| 650 | 9 |
_aKomputery _xterminologia |
|
| 650 | 9 | _aSłownik polski | |
| 655 | _aSłowniki | ||
| 710 | 0 | _aMicrosoft Press | |
| 020 | _a8371014317 | ||
| 040 | _cBPK | ||
| 041 | 1 |
_apl _hen |
|
| 080 | _a004:621.38/.39](038) | ||
| 920 | _a83-7101-431-7 | ||
| 942 | _cKS | ||
| 008 | s pl f |000 0 pol | ||
| 999 |
_c38503 _d38503 |
||